Dersha basharar asamiya sanskritit abhumuki (Record no. 2299)

MARC details
000 -LEADER
fixed length control field 00506cam a2200181ua 4500
008 - FIXED-LENGTH DATA ELEMENTS--GENERAL INFORMATION
fixed length control field 110817n ii |||gr||||Z||||||asm
040 ## - CATALOGING SOURCE
Transcribing agency MAIN
082 ## - DEWEY DECIMAL CLASSIFICATION NUMBER
Classification number 398.09145
100 1# - MAIN ENTRY--PERSONAL NAME
Personal name Bhattarcharjya, Birendra Kr.,
Relator term
245 1# - TITLE STATEMENT
Title Dersha basharar asamiya sanskritit abhumuki
Statement of responsibility, etc. by Birendra Kr. Bhattacharjya
250 ## - EDITION STATEMENT
Edition statement 1st.
260 ## - PUBLICATION, DISTRIBUTION, ETC.
Place of publication, distribution, etc. Guahati:
Name of publisher, distributor, etc. Secretary publication board assam,978.
300 ## - PHYSICAL DESCRIPTION
Extent 150p:
Dimensions 23cm.
942 ## - ADDED ENTRY ELEMENTS (KOHA)
Koha item type Books
653 ## - INDEX TERM--UNCONTROLLED
Uncontrolled term Folklore
653 ## - INDEX TERM--UNCONTROLLED
Uncontrolled term Assamese culture
Holdings
Withdrawn status Lost status Damaged status Not for loan Home library Current library Shelving location Date acquired Total Checkouts Full call number Barcode Date last seen Copy number Price effective from Koha item type
        Central Library, Naharkatiya College Central Library, Naharkatiya College General Stacks 19/09/2020   398.09145 | BHA 8134 19/09/2020 1 19/09/2020 Books

Naharkatiya College © 2020. All rights reserved.

Powered By